000 00677nam a2200181 i 4500
001 99238
003 ES-MaACL
005 20230906182450.0
007 t|
008 050906s1962 sp ||||1| spa d
100 1 _aMartín Lobo, Manuel.
_977540
245 1 3 _aUn luchador extremeño
_b: La conquista del Guadiana (el plan de Badajoz). Artículos, charlas, conferencias sobre el tema /
_cpor Manuel Martín Lobo.
260 _aBadajoz :
_b[s.n.],
_c1962 (
_fImp. Excma Diputación Provincial)
300 _a497 p. ;
_c26 cm.
651 4 _aBadajoz (Provincia)-
_xPlanes económicos.
_97852
651 _aExtremadura-
_xDescripción.
_98644
852 _aES-MaACL
_jC-21962
_bR.50737
999 _c99238
_d99238